000 00587ctm a22001815a 4500
001 L157657
008 130220s1860 xxk f 000 0 eng d
035 _a(Sirsi) u157657
041 0 _aeng
245 0 0 _aInstructions for the admeasurement of builder's work in accordance with the practice of the most eminent surveyors at the present time
_h[manuscript]
260 _c[c. 1860?]
300 _a1 v.
_c
520 _aManuscript notebook.
583 _aCondition reviewed
_c20120620
_lcondition level 3
651 4 _aGreat Britain
_y1707-
690 _aMeasurement
_96256
942 _n0
999 _c114904
_d114904